000 00680nam a22001817a 4500
003 BUBTL
008 190309b xxu||||| |||| 00| 0 eng d
020 _a984-8139-77-X
082 _a891.443/ M8968d/ 2005
100 _92163
_aমুখোপাধ্যায় , শীর্ষেন্দু
245 _aদূরবীন /
_cশীর্ষেন্দু মুখোপাধ্যায়
260 _aঢাকা :
_bজোৎস্না পাবলিশার্স,
_cc2005.
300 _a592 p. :
_c21 cm.
650 0 _91687
_aবাংলা সাহিত্য
856 _k0
_l0
_yDownload
942 _2ddc
_cBK
999 _c5904
_d5904